| 000 | 00917cam a22002531 4500 | ||
|---|---|---|---|
| 001 | gs 63000175 | ||
| 003 | DLC | ||
| 005 | 20260227111412.0 | ||
| 008 | 761217s1962 mouab b s000 0 eng c | ||
| 010 | _ags 63000175 | ||
| 035 | _a(OCoLC)2630291 | ||
| 040 |
_aU.S. Geol. Survey Lib. _cVtU _dOCoLC _dDLC |
||
| 042 | _apremarc | ||
| 050 | 0 | 0 |
_aQE741 _b.M4 |
| 100 | 1 |
_aMehl, Maurice G. _q(Maurice Goldsmith), _d1887-1966. |
|
| 245 | 1 | 0 | _aMissouri's ice age animals. |
| 260 |
_aRola, _bState of Missouri, Dept. of Business and Administration, Division of Geological Survey and Water Resources, _c1962. |
||
| 300 |
_axi, 104 p. _billus., maps, diagrs. _c23 x 31 cm. |
||
| 410 | 1 | 0 |
_aMissouri. _bDivision of Geological Survey and Water Resources. _tEducational series, _vno. 1 |
| 500 | _aCover title. | ||
| 504 | _aBibliography: p. 103-104. | ||
| 650 | 0 |
_aPaleontology _yPleistocene. |
|
| 650 | 0 |
_aPaleontology _zMissouri. |
|
| 999 |
_c29688 _d29688 |
||